000
00227nam a22000977a 4500
999
_c
531628
_d
531628
082
_a
928
_b
ASH
100
_a
Ahmed, Ashfaq.
245
_a
Baba Sahiba /
942
_2
ddc
_c
BK